[Event "Alassio West End op 2nd"]
[Site "Alassio"]
[Date "2016.10.02"]
[Round "5"]
[White "Grasso, Gabriele"]
[Black "Traverso, Massimiliano"]
[Result "0-1"]
[WhiteElo "1709"]
[BlackElo "1939"]
[PlyCount "96"]
[EventDate "2016.09.30"]
[EventType "swiss"]
[EventRounds "5"]
[EventCountry "ITA"]
[SourceTitle "EXT 2018"]
[Source "ChessBase"]
[SourceDate "2017.10.13"]
[SourceVersion "1"]
[SourceVersionDate "2017.10.13"]
[SourceQuality "1"]

1. d4 Nf6 2. Nf3 e6 3. c4 Bb4+ 4. Bd2 Qe7 5. g3 Nc6 6. Nc3 d6 7. Bg2 0-0 8. 0-0 e5 9. d5 Nb8 10. Qc2 Ne8 11. e4 f5 12. exf5 Bxf5 13. Ne4 Bxd2 14. Nfxd2 Nd7 15. b4 Nef6 16. Nxf6+ Qxf6 17. Be4 Bh3 18. Bg2 Bg4 19. Ne4 Qg6 20. f3 Bf5 21. Rac1 b6 22. Qe2 a5 23. a3 axb4 24. axb4 Ra4 25. Qb2 Qh6 26. Ra1 Qe3+ 27. Kh1 Rxa1 28. Qxa1 Bxe4 29. fxe4 Rxf1+ 30. Qxf1 Nf6 31. Qf3 Qe1+ 32. Qf1 Qxf1+ 33. Bxf1 Nxe4 34. b5 Kf7 35. Kg2 h6 36. Bd3 Nc5 37. Be2 e4 38. Kf2 Kf6 39. Ke3 Ke5 40. Bd1 Nd7 41. Bc2 Nf6 42. h3 Nh5 43. Bxe4 Nxg3 44. Bf3 Nf5+ 45. Kd3 Kf4 46. Bg4 Nh4 47. Be6 Nf3 48. c5 dxc5 0-1